000 00321 a2200145 4500
001 154936
040 _cEscola São Tomás de Aquino
100 _aSUCENA, Ivone Silveira
240 1 0 _aGeografia
_lpor
245 1 0 _aGeografia
300 _a648
362 0 _a2010
697 _aGEOGRAFIA GERAL / VIAGENS
942 _cBK
999 _c154936
_d154936